000 00638nam a2200193 i 4500
001 81123
003 ES-MaACL
005 20230906174356.0
007 t|
008 041103q1912 zzz ||||1| spa d
100 1 _aHoyos Sáinz, Luis de,
_d1868-1951
_964437
245 1 3 _aLa convención antropométrica de Ginebra /
_cLuis de Hoyos Sáinz.
260 _a[S.l. :
_bs.n.],
_c1912.
300 _a5 h. ;
_c25 cm.
595 _aTirada aparte de: Boletín de la Real Sociedad Española de Historia Natural, octubre 1912, p. 475-484
650 4 _aAntropometría.
_9135576
852 4 _aES-MaACL
_jT-1434-F-6
999 _c81123
_d81123